Statistics for NFL Champions (1920 - 1965)

Click here to take the quiz!

General Stats

  • This quiz has been taken 753 times
  • The average score is 36 of 46

Answer Stats

HintAnswer% Correct
1965Green Bay Packers
98%
1936Green Bay Packers
98%
1962Green Bay Packers
98%
1961Green Bay Packers
98%
1944Green Bay Packers
98%
1929Green Bay Packers
98%
1930Green Bay Packers
98%
1931Green Bay Packers
98%
1939Green Bay Packers
98%
1963Chicago Bears
92%
1946Chicago Bears
92%
1941Chicago Bears
92%
1940Chicago Bears
92%
1943Chicago Bears
92%
1933Chicago Bears
92%
1932Chicago Bears
92%
1950Cleveland Browns
89%
1954Cleveland Browns
89%
1964Cleveland Browns
89%
1955Cleveland Browns
89%
1956New York Giants
86%
1934New York Giants
86%
1927New York Giants
86%
1938New York Giants
86%
1935Detroit Lions
82%
1952Detroit Lions
82%
1953Detroit Lions
82%
1957Detroit Lions
82%
1925Chicago Cardinals
78%
1947Chicago Cardinals
78%
1960Philadelphia Eagles
78%
1948Philadelphia Eagles
78%
1949Philadelphia Eagles
78%
1959Baltimore Colts
77%
1958Baltimore Colts
77%
1937Washington Redskins
76%
1942Washington Redskins
76%
1945Cleveland Rams
71%
1951Los Angeles Rams
71%
1923Canton Bulldogs
35%
1922Canton Bulldogs
35%
1921Chicago Staleys
34%
1924Cleveland Bulldogs
33%
1920Akron Pros
23%
1926Frankford Yellow Jackets
20%
1928Providence Steam Roller
17%

Score Distribution

Percentile by Number Answered

Percent of People with Each Score

Your Score History

You have not taken this quiz